000 00927nam a2200229Ii 4500
003 JO-AjNU
008 230605s9999||||xx |||||||||||||| ||und||
017 _a2009/9/3938
020 _a9957-11-570-3
040 _aJO-AjNU
_bara
_erda
_cJO-AjNU
041 _aara
050 1 4 _aHF5548.32 .T326.2010
100 3 _aالطائي،محمد عبدحسين,
_eauthor
_933073
245 0 0 _aالتجارة الالكترونية: المستقبل الواعد للاجيال القادمة
250 _aط1
264 3 1 _aعمان: دار الثقافة للنشر والتوزيع؛2010
300 _a511ص
_bيحتوي على مسرد مصطلحات من ص420-502،يحتوي على ببلوغرافية من ص 505-511ص
336 _atext
_btxt
_2rdacontent
337 _aunmediated
_bn
_2rdamedia
338 _avolume
_bnc
_2rdacarrier
650 4 _aالتجارة الالكترونية-التجارة الدولية
_933074
999 _aA13423
_c16991
_d16991